000 00683nam a2200229 a 4500
999 _c2427
_d2427
001 2427
003 BD-JhCC
005 20221124134023.0
008 171102s2015 bg |||| |||| 000 0 ben d
020 _a9847011600710
035 _a(BD-JhCC)2427
040 _aBD-JhCC
_dBD-JhCC
041 _aben
082 _a891.443
_bAHM 2015
100 _aআহমেদ, হুমায়ূন
245 _aনির্বাসন /
_c হুমায়ূন আহমেদ
260 _aঢাকা :
_bঅন্বেষা প্রকাশন,
_c2015.
300 _a৪৭ পৃ. :
_c২২ সেমি.
650 _aBengali novel
942 _2ddc
_cBK
_016